Effect of rice husk charcoal with diffrent fertilizer on rice senpidor variety on crop station of royal university of agriculture,(ប្រសិទ្ធភាពធ្យូងអង្គាមលាមកជាមួយប្រភេទជីផ្សេងៗលើពូជស្រូវសែនពិដោរនៅស្ថានីយ៍ដំណាំនៃសាកលវិទ្យាល័យភូមិន្ទកសិកម្ម) (Record no. 1087)

000 -LEADER
fixed length control field 00815nam a22001577a 4500
003 - CONTROL NUMBER IDENTIFIER
control field OSt
005 - DATE AND TIME OF LATEST TRANSACTION
control field 20210202142630.0
008 - FIXED-LENGTH DATA ELEMENTS--GENERAL INFORMATION
fixed length control field 150922b xxu||||| |||| 00| 0 eng d
040 ## - CATALOGING SOURCE
Transcribing agency RUA
082 ## - DEWEY DECIMAL CLASSIFICATION NUMBER
Classification number AGR SOY 2007 B035 Or.1
100 ## - MAIN ENTRY--PERSONAL NAME
9 (RLIN) 1137
Personal name SOY BONA
245 ## - TITLE STATEMENT
Title Effect of rice husk charcoal with diffrent fertilizer on rice senpidor variety on crop station of royal university of agriculture,(ប្រសិទ្ធភាពធ្យូងអង្គាមលាមកជាមួយប្រភេទជីផ្សេងៗលើពូជស្រូវសែនពិដោរនៅស្ថានីយ៍ដំណាំនៃសាកលវិទ្យាល័យភូមិន្ទកសិកម្ម)
260 ## - PUBLICATION, DISTRIBUTION, ETC. (IMPRINT)
Place of publication, distribution, etc. phnom penh
Name of publisher, distributor, etc. RUA
Date of publication, distribution, etc. 2007
300 ## - PHYSICAL DESCRIPTION
Extent xvii,82p.
Dimensions ill.
Size of unit 29cm.
942 ## - ADDED ENTRY ELEMENTS (KOHA)
Source of classification or shelving scheme
Koha item type AGR
Holdings
Price effective from Date last seen Permanent Location Not for loan Date acquired Source of classification or shelving scheme Koha item type Lost status Withdrawn status Date last checked out Total Checkouts Shelving location Damaged status Barcode Current Location Full call number
2017-10-062017-10-06Library Block A 2017-10-06 AGR      A27801Library Block AAGR SOY 2007 B035 Or.2
2015-09-222016-08-12Library Block B 2015-09-22 AGR  2016-07-232B035 RUA002656Library Block BAGR SOY 2007 B035 Or.1
2017-10-062017-10-06Library Block B 2017-10-06 AGR    B035  Library Block BAGR SOY 2007 B035 Or.1
2018-12-212018-12-21Library Block B 2018-12-21 AGR    B1.194 A41319Library Block BAGR SOY 2007 B1.194 Or.1
2018-12-242018-12-24Library Block B 2018-12-24 AGR    B1.194 A41401Library Block BAGR SOY 2007 B1.194 Or.1
2019-01-212019-01-21Library Block B 2019-01-21 AGR    B1.210 A40434Library Block BAGR SOY 2007 B1.210 Or.3
2021-02-082021-02-08Library Block C 2021-02-08 AGR    B1.194 A065001Library Block CAGR SOY 2007 B1.194 Or.1
មជ្ឈមណ្ឌលឯការនៃសាកលវិទ្យាល័យភូមិន្ទកសិកម្មចំការដូង

Powered by Koha